[Event "FIDE WY-U16 Olympiad 2022"]
[Site "Nakhchivan"]
[Date "2022.10.10"]
[Round "9.20"]
[White "Jafarova, Aysel"]
[Black "Bozorov, Javokhir"]
[Result "1/2-1/2"]
[WhiteElo "1534"]
[BlackElo "1844"]
[Annotator "NA RC COMBH"]
[PlyCount "77"]
[EventDate "2022.10.02"]
[EventType "team-tourn"]
[EventCountry "AZE"]
[SourceTitle "playchess.com"]
[Source "ChessBase"]
[SourceQuality "1"]
[BlackTeam "Uzbekistan"]
[BlackTeamCountry "UZB"]

1. d4 Nf6 2. Bf4 d5 3. e3 c5 4. c3 Nc6 5. Nd2 Qb6 6. Qb3 c4 7. Qc2 g6 8. e4 Nxe4 9. Nxe4 dxe4 10. Bxc4 Bf5 11. Qb3 Qxb3 12. axb3 Bg7 13. Bd5 e6 14. Bxc6+ bxc6 15. h3 h5 16. Ra6 Kd7 17. Ne2 Bf6 18. Kd2 g5 19. Bg3 Bd8 20. c4 h4 21. Bh2 Bc7 22. Bxc7 Kxc7 23. Rha1 Kb7 24. Nc3 Bg6 25. R1a5 Rhd8 26. Ke3 f5 27. Na4 f4+ 28. Ke2 Bh5+ 29. Ke1 Rxd4 30. Nc5+ Kb8 31. f3 exf3 32. Rxc6 a6 33. Nxa6+ Rxa6 34. Raxa6 Rd1+ 35. Kf2 Rd2+ 36. Ke1 Rd1+ 37. Kf2 Rd2+ 38. Ke1 fxg2 39. Rab6+ 1/2-1/2

[Event "FIDE WY-U16 Olympiad 2022"]
[Site "Nakhchivan"]
[Date "2022.10.10"]
[Round "9.20"]
[White "Huseynova, Dinara"]
[Black "Dasgupta, Avyukt"]
[Result "0-1"]
[WhiteElo "1225"]
[BlackElo "1687"]
[Annotator "NA RC COMBH"]
[PlyCount "98"]
[EventDate "2022.10.02"]
[EventType "team-tourn"]
[EventCountry "AZE"]
[SourceTitle "playchess.com"]
[Source "ChessBase"]
[SourceQuality "1"]
[BlackTeam "England"]
[BlackTeamCountry "ENG"]

1. e4 e6 2. d4 d5 3. Nd2 dxe4 4. Nxe4 Bd7 5. Nf3 Bc6 6. Bd3 Nd7 7. c3 Be7 8. O-O Ngf6 9. Nxf6+ Bxf6 10. Qc2 Bxf3 11. gxf3 c6 12. Bf4 Bg5 13. Qd2 h6 14. Kh1 Qf6 15. Bxg5 hxg5 16. Rg1 Qxf3+ 17. Rg2 O-O-O 18. Be2 Rxh2+ 19. Kxh2 Rh8+ 20. Kg1 Qh3 21. f3 Qh1+ 22. Kf2 Qxa1 23. Qxg5 Qxb2 24. Qxg7 Rf8 25. Rg4 Qxc3 26. Rf4 Qd2 27. Rxf7 Rxf7 28. Qxf7 Qxd4+ 29. Kg2 Qd5 30. a3 Ne5 31. Qg8+ Kc7 32. Qf8 a6 33. Qe7+ Qd7 34. Qc5 Qd5 35. Qe7+ Kb6 36. Qb4+ Ka7 37. Qc3 c5 38. Kf1 Qd4 39. Qxd4 cxd4 40. Ke1 Kb6 41. Kd2 Kc5 42. a4 a5 43. Kc1 d3 44. Bd1 Kc4 45. Kd2 Kd4 46. f4 Nc4+ 47. Ke1 Ke3 48. Bb3 d2+ 49. Kd1 Nb2+ 0-1

[Event "FIDE WY-U16 Olympiad 2022"]
[Site "Nakhchivan"]
[Date "2022.10.10"]
[Round "9.21"]
[White "Daneshvar, Bardiya"]
[Black "Orozbaev, Eldiar"]
[Result "1/2-1/2"]
[WhiteElo "2515"]
[BlackElo "2344"]
[Annotator "TA"]
[PlyCount "85"]
[EventDate "2022.10.02"]
[EventType "team-tourn"]
[EventCountry "AZE"]
[SourceTitle "playchess.com"]
[Source "ChessBase"]
[SourceQuality "1"]
[WhiteTeam "Iran"]
[BlackTeam "Kyrgyzstan"]
[WhiteTeamCountry "IRI"]
[BlackTeamCountry "KGZ"]

1. c4 c5 2. Nf3 Nc6 3. Nc3 g6 4. e3 Nf6 5. d4 d6 6. d5 Ne5 7. Nxe5 dxe5 8. e4 Bg7 9. Be2 O-O 10. Be3 b6 11. h4 h5 12. f3 Ne8 13. g4 f5 14. gxf5 gxf5 15. Rg1 f4 16. Bf2 Kh7 17. a3 Nd6 18. b4 Bf6 19. Na4 Ba6 20. Rc1 Rg8 21. Rxg8 Qxg8 22. Bf1 cxb4 23. axb4 Bxc4 24. Rxc4 b5 25. Rc6 bxa4 26. Qxa4 Kh6 27. Rc7 Qb8 28. Rc3 Qg8 29. Bh3 Rb8 30. Bf1 Rb7 31. b5 Qb8 32. Rc5 a6 33. bxa6 Rb1+ 34. Ke2 Nb5 35. Rxb5 Rxb5 36. a7 Rb2+ 37. Kd3 Qc7 38. a8=Q Qc1 39. Qf8+ Kh7 40. Qf7+ Kh6 41. Qf8+ Kh7 42. Qf7+ Kh6 43. Qf8+ 1/2-1/2

[Event "FIDE WY-U16 Olympiad 2022"]
[Site "Nakhchivan"]
[Date "2022.10.10"]
[Round "9.21"]
[White "Soojay, Jorah"]
[Black "Seyid, Huseyn"]
[Result "0-1"]
[WhiteElo "1644"]
[BlackElo "2125"]
[Annotator "TA"]
[PlyCount "132"]
[EventDate "2022.10.02"]
[EventType "team-tourn"]
[EventCountry "AZE"]
[SourceTitle "playchess.com"]
[Source "ChessBase"]
[SourceQuality "1"]
[WhiteTeam "South Africa"]
[BlackTeam "Azerbaijan"]
[WhiteTeamCountry "RSA"]
[BlackTeamCountry "AZE"]

1. e4 c5 2. Nf3 e6 3. c3 Nf6 4. e5 Nd5 5. d4 cxd4 6. cxd4 d6 7. Nc3 Nxc3 8. bxc3 Bd7 9. Bd3 Bc6 10. exd6 Bxd6 11. O-O Qc7 12. h3 Nd7 13. c4 Nf6 14. Re1 O-O-O 15. Be3 Bb4 16. Rf1 Bc3 17. Rb1 Bxf3 18. Qxf3 Bxd4 19. Rfc1 Qc6 20. Qe2 Ne4 21. Bxd4 Rxd4 22. c5 Rhd8 23. Bb5 Qc7 24. c6 b6 25. a4 R8d5 26. a5 Nd6 27. axb6 axb6 28. Ba6+ Kd8 29. Qf3 b5 30. Qg3 g6 31. Qe3 Ra4 32. Bb7 Nxb7 33. cxb7 Qxb7 34. Qh6 Ke7 35. Qe3 Kf8 36. Rc2 Rad4 37. Kh2 Kg7 38. Rbc1 Qb8+ 39. g3 Qe5 40. Qf3 Qe4 41. Qc3 b4 42. Qb2 Qe5 43. Re2 Re4 44. Qxe5+ Rdxe5 45. Rb2 Re2 46. Rcb1 Rxb2 47. Rxb2 Rb5 48. Kg2 b3 49. Kf3 Kf6 50. Ke3 h5 51. f4 e5 52. fxe5+ Kxe5 53. g4 h4 54. Rb1 b2 55. g5 Kf5 56. Kd3 Kxg5 57. Kc2 Kh5 58. Kc3 g5 59. Kc2 f5 60. Kd2 g4 61. hxg4+ fxg4 62. Ke2 h3 63. Kf2 Kh4 64. Ke2 g3 65. Ke3 Kg4 66. Ke2 h2 0-1

[Event "FIDE WY-U16 Olympiad 2022"]
[Site "Nakhchivan"]
[Date "2022.10.10"]
[Round "9.22"]
[White "Zhakshylykov, Erzhan"]
[Black "Ashraf, Artin"]
[Result "0-1"]
[WhiteElo "2260"]
[BlackElo "2379"]
[Annotator "TA"]
[PlyCount "116"]
[EventDate "2022.10.02"]
[EventType "team-tourn"]
[EventCountry "AZE"]
[SourceTitle "playchess.com"]
[Source "ChessBase"]
[SourceQuality "1"]
[WhiteTeam "Kyrgyzstan"]
[BlackTeam "Iran"]
[WhiteTeamCountry "KGZ"]
[BlackTeamCountry "IRI"]

1. d4 d5 2. Nf3 e6 3. Bf4 Nf6 4. e3 Bd6 5. Nbd2 O-O 6. Bxd6 Qxd6 7. c4 b6 8. Rc1 Nbd7 9. cxd5 exd5 10. Bb5 Bb7 11. Qa4 c5 12. O-O Rfc8 13. dxc5 Nxc5 14. Qd1 Ne6 15. Rxc8+ Rxc8 16. Nb3 Ng4 17. Nbd4 Ng5 18. h3 Nxf3+ 19. Nxf3 Nf6 20. Nd4 a6 21. Bd3 g6 22. Qe2 a5 23. Rd1 Kg7 24. a3 Qe7 25. Bb1 Rc5 26. b4 axb4 27. axb4 Rc4 28. b5 Qa3 29. Bc2 Qb2 30. Bd3 Qxe2 31. Bxe2 Rc7 32. f3 Kf8 33. Kf2 Ke7 34. g4 h6 35. Ra1 Nd7 36. h4 Nc5 37. h5 gxh5 38. gxh5 Kf6 39. Rg1 Rc8 40. Ke1 Ra8 41. Rg4 Bc8 42. Rg8 Bb7 43. Rg4 Bc8 44. Rf4+ Kg7 45. Nf5+ Bxf5 46. Rxf5 Rd8 47. Kd2 Ne6 48. Bd1 Nc7 49. Bb3 Rd6 50. Kd3 Rf6 51. Rxf6 Kxf6 52. f4 Ke7 53. Ba2 f5 54. Kd2 Ke6 55. e4 fxe4 56. Ke3 Nxb5 57. f5+ Ke5 58. f6 d4+ 0-1

[Event "FIDE WY-U16 Olympiad 2022"]
[Site "Nakhchivan"]
[Date "2022.10.10"]
[Round "9.22"]
[White "Hasanli, Rza"]
[Black "Chang, Sebastian"]
[Result "1-0"]
[WhiteElo "1566"]
[BlackElo "1430"]
[Annotator "NA RC COMBH"]
[PlyCount "113"]
[EventDate "2022.10.02"]
[EventType "team-tourn"]
[EventCountry "AZE"]
[SourceTitle "playchess.com"]
[Source "ChessBase"]
[SourceQuality "1"]
[WhiteTeam "Azerbaijan"]
[BlackTeam "South Africa"]
[WhiteTeamCountry "AZE"]
[BlackTeamCountry "RSA"]

1. d4 Nf6 2. c4 e6 3. Nf3 d5 4. g3 Bb4+ 5. Nbd2 O-O 6. Bg2 c5 7. a3 Bxd2+ 8. Qxd2 dxc4 9. dxc5 Qc7 10. Qd4 Nbd7 11. Bf4 Qa5+ 12. Nd2 Nxc5 13. Qxc4 Ncd7 14. b4 Qa4 15. O-O Nb6 16. Qd3 Nbd5 17. Be5 Bd7 18. Bxf6 Nxf6 19. Bxb7 Rab8 20. Bf3 Rfd8 21. Qb3 Qa6 22. Rfe1 Ba4 23. Qb2 Rd6 24. Nb3 Bc6 25. Nc5 Qb5 26. Bxc6 Qxc6 27. e4 Rbd8 28. Qb3 Rd2 29. Rad1 h6 30. Rxd2 Rxd2 31. Qe3 Ra2 32. f3 e5 33. Rd1 Qb5 34. Qd3 Qc6 35. Qc3 Qb5 36. Qd3 Qc6 37. Qb3 Re2 38. Rd8+ Kh7 39. Qd3 Ra2 40. Qb3 Re2 41. Qxf7 Qb5 42. Rd3 Rc2 43. Qb3 Re2 44. a4 Qe8 45. Qe6 Qh5 46. Qf5+ Qxf5 47. exf5 Rb2 48. b5 Rc2 49. Nd7 Nxd7 50. Rxd7 Rc3 51. Rxa7 Rxf3 52. f6 Rxf6 53. Re7 Rf3 54. Rxe5 Ra3 55. Re4 Kg6 56. b6 Kh7 57. Rb4 1-0

[Event "FIDE WY-U16 Olympiad 2022"]
[Site "Nakhchivan"]
[Date "2022.10.10"]
[Round "9.23"]
[White "Mahdavi, Reza"]
[Black "Iunusov, Nuriddin"]
[Result "1-0"]
[WhiteElo "2324"]
[BlackElo "1940"]
[Annotator "TA"]
[PlyCount "77"]
[EventDate "2022.10.02"]
[EventType "team-tourn"]
[EventCountry "AZE"]
[SourceTitle "playchess.com"]
[Source "ChessBase"]
[SourceQuality "1"]
[WhiteTeam "Iran"]
[BlackTeam "Kyrgyzstan"]
[WhiteTeamCountry "IRI"]
[BlackTeamCountry "KGZ"]

1. e4 e5 2. Nf3 Nc6 3. Nc3 Nf6 4. g3 d5 5. exd5 Nxd5 6. Bg2 Nb6 7. O-O Be7 8. Re1 f6 9. d3 O-O 10. Be3 Re8 11. h3 Be6 12. d4 Qc8 13. d5 Rd8 14. Bxb6 axb6 15. Qe2 Rxd5 16. Nxd5 Bxd5 17. Nxe5 Nxe5 18. Bxd5+ Kh8 19. Kg2 Bd6 20. f4 Ng6 21. Qe6 Qxe6 22. Bxe6 Nf8 23. Bd5 Ra7 24. Re8 b5 25. Rd1 g6 26. c3 Kg7 27. Rd8 Ra5 28. b4 Ra3 29. Bb3 Ra6 30. Rd5 Rb6 31. Ra8 Be7 32. Ra5 c6 33. Rd2 f5 34. Ra8 Bf6 35. Rd3 h6 36. Rc8 g5 37. Rc7+ Kg6 38. Rd6 Ra6 39. Bf7+ 1-0

[Event "FIDE WY-U16 Olympiad 2022"]
[Site "Nakhchivan"]
[Date "2022.10.10"]
[Round "9.23"]
[White "Jacobs, Elsje"]
[Black "Abdullabayli, Rajab"]
[Result "0-1"]
[WhiteElo "1168"]
[BlackElo "1547"]
[Annotator "NA RC COMBH"]
[PlyCount "70"]
[EventDate "2022.10.02"]
[EventType "team-tourn"]
[EventCountry "AZE"]
[SourceTitle "playchess.com"]
[Source "ChessBase"]
[SourceQuality "1"]
[WhiteTeam "South Africa"]
[BlackTeam "Azerbaijan"]
[WhiteTeamCountry "RSA"]
[BlackTeamCountry "AZE"]

1. d4 Nf6 2. c4 e6 3. Nf3 b6 4. e3 Bb7 5. Bd3 Bb4+ 6. Nbd2 O-O 7. O-O Bxd2 8. Bxd2 d5 9. Qc2 Nbd7 10. Ne5 c5 11. Nxd7 Qxd7 12. dxc5 dxc4 13. Bxc4 Qc6 14. f3 Qxc5 15. Rfe1 Rac8 16. Rac1 Ba6 17. Bb3 Qg5 18. Qb1 Bb7 19. Rf1 Rfd8 20. Rxc8 Bxc8 21. Qe1 Ba6 22. Rf2 Nd5 23. e4 Nf4 24. Kh1 Qe5 25. Bc3 Qc5 26. Rd2 Rxd2 27. Qxd2 Nd3 28. h3 Qc7 29. e5 Bc4 30. Bc2 Nc5 31. Bb4 Bd5 32. f4 g6 33. a3 h5 34. Bxc5 Qxc5 35. Qc3 Qf2 0-1

[Event "FIDE WY-U16 Olympiad 2022"]
[Site "Nakhchivan"]
[Date "2022.10.10"]
[Round "9.24"]
[White "Humbatova, Nazli"]
[Black "Goliath, Brimarion"]
[Result "1-0"]
[WhiteElo "1777"]
[BlackElo "1394"]
[Annotator "NA RC COMBH"]
[PlyCount "53"]
[EventDate "2022.10.02"]
[EventType "team-tourn"]
[EventCountry "AZE"]
[SourceTitle "playchess.com"]
[Source "ChessBase"]
[SourceQuality "1"]
[WhiteTeam "Azerbaijan"]
[BlackTeam "South Africa"]
[WhiteTeamCountry "AZE"]
[BlackTeamCountry "RSA"]

1. e4 e5 2. Nf3 Nc6 3. Bb5 a6 4. Ba4 d6 5. O-O Nf6 6. Re1 Be7 7. h3 O-O 8. c3 h6 9. d4 b5 10. Bb3 Bb7 11. Nbd2 Re8 12. Nf1 Bf8 13. Ng3 exd4 14. cxd4 Na5 15. Bc2 Rb8 16. b3 Nc6 17. a3 Ne7 18. Bb2 Ng6 19. Qd2 c5 20. d5 Qc7 21. Nf5 Kh7 22. Nxh6 Nxe4 23. Bxe4 gxh6 24. Qc3 Kg8 25. Bxg6 fxg6 26. Qh8+ Kf7 27. Qh7+ 1-0

[Event "FIDE WY-U16 Olympiad 2022"]
[Site "Nakhchivan"]
[Date "2022.10.10"]
[Round "9.24"]
[White "Berdibaeva, Edisa"]
[Black "Karimi, Setayesh"]
[Result "0-1"]
[WhiteElo "1617"]
[BlackElo "1925"]
[Annotator "TA"]
[PlyCount "48"]
[EventDate "2022.10.02"]
[EventType "team-tourn"]
[EventCountry "AZE"]
[SourceTitle "playchess.com"]
[Source "ChessBase"]
[SourceQuality "1"]
[WhiteTeam "Kyrgyzstan"]
[BlackTeam "Iran"]
[WhiteTeamCountry "KGZ"]
[BlackTeamCountry "IRI"]

1. e4 c5 2. Nf3 d6 3. d4 cxd4 4. Nxd4 Nf6 5. Nc3 Nc6 6. Bc4 e6 7. Bb3 a6 8. Be3 Be7 9. f3 O-O 10. Qd2 Qc7 11. g4 Na5 12. h4 Rd8 13. h5 Nxb3 14. axb3 e5 15. Ndb5 Qb8 16. Bb6 Rd7 17. Na3 d5 18. exd5 Bb4 19. Qf2 Nxd5 20. Nab1 Qd6 21. Be3 Nxe3 22. Qxe3 Qd1+ 23. Kf2 Qxh1 24. Qxe5 Re7 0-1

[Event "FIDE WY-U16 Olympiad 2022"]
[Site "Nakhchivan"]
[Date "2022.10.10"]
[Round "9.25"]
[White "Baranciuc, Alexandr"]
[Black "Caputcuoglu, Zeki Berke"]
[Result "0-1"]
[WhiteElo "2121"]
[BlackElo "2370"]
[Annotator "TA"]
[PlyCount "86"]
[EventDate "2022.10.02"]
[EventType "team-tourn"]
[EventCountry "AZE"]
[SourceTitle "playchess.com"]
[Source "ChessBase"]
[SourceQuality "1"]
[WhiteTeam "Moldova"]
[BlackTeam "Turkey"]
[WhiteTeamCountry "MDA"]
[BlackTeamCountry "TUR"]

1. c4 Nf6 2. Nf3 g6 3. g3 Bg7 4. Bg2 O-O 5. d4 d6 6. O-O c6 7. b3 e5 8. e3 e4 9. Nfd2 d5 10. Nc3 Re8 11. Bb2 h5 12. h3 Bf5 13. f3 Qd7 14. Kh2 Na6 15. a3 Nc7 16. Qe2 h4 17. g4 exf3 18. Bxf3 Qd6+ 19. Kh1 Bd7 20. Qf2 Bh6 21. Rae1 Bg5 22. e4 Qg3 23. Qxg3 hxg3 24. Bc1 Ne6 25. e5 Nxd4 26. Bd1 Nh7 27. Kg2 f6 28. cxd5 fxe5 29. d6 c5 30. Nce4 Bc6 31. Bf3 Bf4 32. Bb2 Bxd2 33. Nxd2 Nxf3 34. Nxf3 Ng5 35. Kxg3 Nxf3 36. Rxf3 Bxf3 37. Kxf3 Rad8 38. Rxe5 Rxe5 39. Bxe5 Kf7 40. h4 Ke6 41. Ke4 Rf8 42. h5 gxh5 43. gxh5 Rf5 0-1

[Event "FIDE WY-U16 Olympiad 2022"]
[Site "Nakhchivan"]
[Date "2022.10.10"]
[Round "9.25"]
[White "Cheng, Justin Hong-Chen"]
[Black "Teh, Rui Gen"]
[Result "1/2-1/2"]
[WhiteElo "1843"]
[BlackElo "1824"]
[Annotator "NA RC COMBH"]
[PlyCount "88"]
[EventDate "2022.10.02"]
[EventType "team-tourn"]
[EventCountry "AZE"]
[SourceTitle "playchess.com"]
[Source "ChessBase"]
[SourceQuality "1"]
[WhiteTeam "Hong Kong"]
[BlackTeam "Malaysia"]
[WhiteTeamCountry "HKG"]
[BlackTeamCountry "MAS"]

1. d4 Nf6 2. Nf3 e6 3. c4 Bb4+ 4. Bd2 Qe7 5. g3 Nc6 6. Nc3 Bxc3 7. Bxc3 Ne4 8. Rc1 d6 9. d5 Nxc3 10. Rxc3 Nd8 11. Bg2 e5 12. O-O O-O 13. c5 dxc5 14. Qc2 c6 15. Rd1 cxd5 16. Rxd5 Nc6 17. Rdxc5 Rd8 18. e3 Bg4 19. h3 Bh5 20. Nh4 Nb4 21. Qb3 Nc6 22. Bxc6 bxc6 23. Rxc6 Qd7 24. g4 Bxg4 25. Rc7 Qe6 26. Qxe6 Bxe6 27. Nf3 Bxa2 28. Nxe5 Be6 29. Nc6 Rd1+ 30. Kg2 g6 31. Nxa7 Rb1 32. Nb5 Rxb2 33. Nd4 Bd5+ 34. Kg3 Raa2 35. Rc2 Rxc2 36. Rxc2 Rxc2 37. Nxc2 Be4 38. Nd4 Kg7 39. Kf4 Bb7 40. h4 h6 41. Nb5 Kf6 42. Nd6 Bc6 43. Nc4 Bd5 44. Nd6 Bc6 1/2-1/2

[Event "FIDE WY-U16 Olympiad 2022"]
[Site "Nakhchivan"]
[Date "2022.10.10"]
[Round "9.26"]
[White "Taspinar, Yanki"]
[Black "Triboi, Alexander"]
[Result "1-0"]
[WhiteElo "2325"]
[BlackElo "1974"]
[Annotator "TA"]
[PlyCount "79"]
[EventDate "2022.10.02"]
[EventType "team-tourn"]
[EventCountry "AZE"]
[SourceTitle "playchess.com"]
[Source "ChessBase"]
[SourceQuality "1"]
[WhiteTeam "Turkey"]
[BlackTeam "Moldova"]
[WhiteTeamCountry "TUR"]
[BlackTeamCountry "MDA"]

1. d4 Nf6 2. c4 e6 3. Nf3 d5 4. Nc3 dxc4 5. e3 a6 6. Bxc4 b5 7. Bb3 c5 8. O-O Bb7 9. Qe2 Be7 10. Rd1 Qb6 11. dxc5 Bxc5 12. a4 b4 13. a5 Qc7 14. Na4 Qxa5 15. Nxc5 Qxc5 16. e4 O-O 17. Bf4 Qh5 18. Bd6 Rc8 19. e5 Nd5 20. Rd4 g5 21. Qe4 Nc6 22. Qg4 Qg6 23. Bxd5 exd5 24. Rxd5 Nd8 25. Rd4 Ne6 26. Rxb4 h5 27. Qg3 Be4 28. h4 g4 29. Nd2 Bd5 30. Qe3 Rc2 31. Ra5 Bc6 32. Nf1 Kh7 33. Ng3 Ng7 34. Rf4 Rxb2 35. Rf6 Qb1+ 36. Kh2 Kg8 37. e6 fxe6 38. Rg5 Rb7 39. Qxe6+ Kh8 40. Rh6+ 1-0

[Event "FIDE WY-U16 Olympiad 2022"]
[Site "Nakhchivan"]
[Date "2022.10.10"]
[Round "9.26"]
[White "Navaratnam, Ishaan Quan Tze"]
[Black "Li, Yiheng"]
[Result "1-0"]
[WhiteElo "1862"]
[BlackElo "1766"]
[Annotator "NA RC COMBH"]
[PlyCount "127"]
[EventDate "2022.10.02"]
[EventType "team-tourn"]
[EventCountry "AZE"]
[SourceTitle "playchess.com"]
[Source "ChessBase"]
[SourceQuality "1"]
[WhiteTeam "Malaysia"]
[BlackTeam "Hong Kong"]
[WhiteTeamCountry "MAS"]
[BlackTeamCountry "HKG"]

1. e4 c6 2. d4 d5 3. exd5 cxd5 4. Bd3 Nc6 5. c3 Qc7 6. Ne2 Bg4 7. h3 Bh5 8. O-O e6 9. Qb3 Bxe2 10. Bxe2 Bd6 11. Nd2 Nge7 12. Bd3 O-O 13. Nf3 h6 14. Re1 Rab8 15. a4 a6 16. Qd1 b5 17. axb5 axb5 18. Nh4 Bh2+ 19. Kh1 Bf4 20. Qg4 Bxc1 21. Raxc1 b4 22. Re3 f5 23. Qd1 Qd6 24. Qe1 Rf6 25. Rc2 g5 26. Nf3 Ng6 27. Ne5 b3 28. Rce2 Nf4 29. Nxc6 Qxc6 30. Rd2 Nxd3 31. Rdxd3 Kf7 32. Qd1 Qa6 33. Rd2 Qa4 34. Qh5+ Ke7 35. Qf3 Qc4 36. Rde2 Rb6 37. Re5 Kd7 38. Re1 Ra6 39. R5e2 Qc6 40. Qe3 Qc7 41. Qd3 Qc6 42. Qe3 Ke7 43. Qe5 Qd6 44. Qe3 Ra4 45. Qd3 Qa6 46. Qf3 Qa8 47. Kh2 Qc6 48. Re5 Kd7 49. g4 f4 50. Qd3 Kc7 51. Qh7+ Qd7 52. Qg8 Ra6 53. c4 Rd6 54. Ra1 Rb6 55. c5 Rb8 56. Ra7+ Rb7 57. Ra8 Rb5 58. Re1 Rb7 59. Rc1 e5 60. dxe5 Rc6 61. Rf8 Re6 62. Rf7 Re7 63. c6 Qe6 64. Rxe7+ 1-0

[Event "FIDE WY-U16 Olympiad 2022"]
[Site "Nakhchivan"]
[Date "2022.10.10"]
[Round "9.27"]
[White "Bargan, Victoria"]
[Black "Camlar, Arda"]
[Result "0-1"]
[WhiteElo "1703"]
[BlackElo "2322"]
[Annotator "TA"]
[PlyCount "58"]
[EventDate "2022.10.02"]
[EventType "team-tourn"]
[EventCountry "AZE"]
[SourceTitle "playchess.com"]
[Source "ChessBase"]
[SourceQuality "1"]
[WhiteTeam "Moldova"]
[BlackTeam "Turkey"]
[WhiteTeamCountry "MDA"]
[BlackTeamCountry "TUR"]

1. d4 d5 2. c4 e6 3. Nc3 c6 4. e3 Nf6 5. Nf3 Nbd7 6. Qc2 Bd6 7. Bd3 O-O 8. cxd5 exd5 9. O-O Re8 10. Rb1 a5 11. Bd2 Qe7 12. Rfc1 Ne4 13. Na4 Ra7 14. Be1 Ndf6 15. Nc5 Bg4 16. Nd2 Bf5 17. g3 Bxc5 18. dxc5 Nxd2 19. Bxd2 Bxd3 20. Qxd3 Ne4 21. h4 Qf6 22. Qe2 Qf5 23. Kg2 Nxc5 24. Rxc5 Qxb1 25. Bxa5 Qxa2 26. Bc3 Qb1 27. Ra5 Rxa5 28. Bxa5 Qe4+ 29. Kh2 d4 0-1

[Event "FIDE WY-U16 Olympiad 2022"]
[Site "Nakhchivan"]
[Date "2022.10.10"]
[Round "9.27"]
[White "Han, Xuqian Ben"]
[Black "Emran, Muhammad Emir Rasyid"]
[Result "0-1"]
[WhiteElo "1610"]
[BlackElo "1634"]
[Annotator "NA RC COMBH"]
[PlyCount "72"]
[EventDate "2022.10.02"]
[EventType "team-tourn"]
[EventCountry "AZE"]
[SourceTitle "playchess.com"]
[Source "ChessBase"]
[SourceQuality "1"]
[WhiteTeam "Hong Kong"]
[BlackTeam "Malaysia"]
[WhiteTeamCountry "HKG"]
[BlackTeamCountry "MAS"]

1. e4 c5 2. Nf3 d6 3. d4 cxd4 4. Nxd4 Nf6 5. Nc3 Nc6 6. Bg5 Qa5 7. Bxf6 gxf6 8. Qd2 h5 9. Rd1 Bh6 10. f4 Nxd4 11. Qxd4 Bxf4 12. Bb5+ Bd7 13. Bxd7+ Kxd7 14. O-O Be5 15. Qc4 Bxc3 16. bxc3 Rac8 17. Qxf7 Qxc3 18. e5 Qxe5 19. Rde1 Rhf8 20. Qb3 Qc5+ 21. Rf2 Rc7 22. g3 e5 23. Qa4+ Kc8 24. Qh4 Rh7 25. Kf1 f5 26. Qh3 Qc4+ 27. Ree2 Kb8 28. Kg1 f4 29. gxf4 Rg7+ 30. Kf1 Rfg8 31. Ke1 Rg1+ 32. Kd2 Qb4+ 33. c3 Qb1 34. Rf3 Qb2+ 35. Kd3 Rd1+ 36. Ke3 exf4+ 0-1

[Event "FIDE WY-U16 Olympiad 2022"]
[Site "Nakhchivan"]
[Date "2022.10.10"]
[Round "9.28"]
[White "Alagoz, Zumra Meryem"]
[Black "Sustov, Savva"]
[Result "0-1"]
[WhiteElo "1800"]
[BlackElo "1957"]
[Annotator "TA"]
[PlyCount "80"]
[EventDate "2022.10.02"]
[EventType "team-tourn"]
[EventCountry "AZE"]
[SourceTitle "playchess.com"]
[Source "ChessBase"]
[SourceQuality "1"]
[WhiteTeam "Turkey"]
[BlackTeam "Moldova"]
[WhiteTeamCountry "TUR"]
[BlackTeamCountry "MDA"]

1. Nf3 c5 2. g3 Nc6 3. Bg2 g6 4. c4 Bg7 5. d4 cxd4 6. Na3 d6 7. Rb1 Bf5 8. Ra1 e5 9. O-O Nge7 10. Nc2 O-O 11. Rb1 Nb4 12. Nfe1 Qc7 13. b3 Nxa2 14. Bd2 Be6 15. Ra1 Nc3 16. Bxc3 dxc3 17. Qd3 f5 18. e4 fxe4 19. Bxe4 Bf5 20. Ne3 Bxe4 21. Qxe4 Qc6 22. f3 Qxe4 23. fxe4 Bh6 24. Ng4 Rxf1+ 25. Kxf1 Bd2 26. Nf3 Rf8 27. Ke2 Rxf3 28. Ra2 Rf8 29. Ne3 Nc6 30. Nc2 a6 31. b4 Nd4+ 32. Nxd4 exd4 33. Kd3 Be3 34. c5 dxc5 35. bxc5 Rc8 36. Ra5 b6 37. Rxa6 bxc5 38. Ra2 c4+ 39. Kc2 Rf8 40. Ra7 Rf2+ 0-1

[Event "FIDE WY-U16 Olympiad 2022"]
[Site "Nakhchivan"]
[Date "2022.10.10"]
[Round "9.29"]
[White "Arkadan, Adib"]
[Black "Levitan, Judah Nathan"]
[Result "1-0"]
[WhiteElo "1928"]
[BlackElo "1725"]
[Annotator "TA"]
[PlyCount "181"]
[EventDate "2022.10.02"]
[EventType "team-tourn"]
[EventCountry "AZE"]
[SourceTitle "playchess.com"]
[Source "ChessBase"]
[SourceQuality "1"]
[WhiteTeam "Lebanon"]
[BlackTeam "South Africa"]
[WhiteTeamCountry "LBN"]
[BlackTeamCountry "RSA"]

1. Nf3 c5 2. b3 e6 3. Bb2 Nf6 4. g3 b6 5. Bg2 Bb7 6. O-O d5 7. d3 Be7 8. Nbd2 O-O 9. Re1 Qc7 10. e4 dxe4 11. dxe4 Nc6 12. e5 Nd7 13. Qe2 Rfd8 14. h4 a6 15. c4 b5 16. Rac1 Nb6 17. a3 b4 18. a4 Na5 19. Rb1 Rd7 20. Bc1 Rad8 21. Qe3 Qc8 22. Bf1 Qa8 23. Be2 h6 24. Kh2 Bf8 25. h5 Nc8 26. g4 g6 27. g5 Ne7 28. Qf4 Nf5 29. Qg4 Rd4 30. Nxd4 Rxd4 31. f4 gxh5 32. Qh3 Rxf4 33. Nf3 Rg4 34. Rg1 Rxg1 35. Nxg1 Bg7 36. Nf3 Bxf3 37. Qxf3 Bxe5+ 38. Kh3 Qd8 39. Bd3 hxg5 40. Bxf5 exf5 41. Qxf5 g4+ 42. Kg2 Qa8+ 43. Kg1 Qd8 44. Be3 Bd4 45. Re1 Nxb3 46. Qf2 h4 47. Kh1 g3 48. Qf3 Bxe3 49. Rxe3 Qd7 50. Kg2 Nd4 51. Qh5 Nf5 52. Re2 Ng7 53. Qxh4 Qd3 54. Qg4 f5 55. Qf3 Qxf3+ 56. Kxf3 Kf7 57. Re5 Ne6 58. Rxf5+ Ke7 59. Kxg3 Kd6 60. Kf2 b3 61. Ke3 Nd4 62. Rf6+ Kc7 63. Kd3 b2 64. Rf1 Kb6 65. Rb1 Ka5 66. Rxb2 Nc6 67. Kc3 Nb4 68. Rb1 Na2+ 69. Kb3 Nb4 70. Rh1 Kb6 71. Rh2 a5 72. Kc3 Kc6 73. Kd2 Kb7 74. Ke3 Kc6 75. Ke4 Kd6 76. Rh6+ Kc7 77. Ke5 Kb7 78. Kd6 Nd3 79. Rh3 Nf4 80. Rb3+ Ka6 81. Kxc5 Ne6+ 82. Kd5 Nf4+ 83. Kc6 Ne6 84. Rb6+ Ka7 85. Kb5 Nf4 86. Kxa5 Nd3 87. Rh6 Ne5 88. Kb5 Kb7 89. Rh7+ Ka8 90. c5 Nf3 91. Kb6 1-0

[Event "FIDE WY-U16 Olympiad 2022"]
[Site "Nakhchivan"]
[Date "2022.10.10"]
[Round "9.30"]
[White "Boshoma, Chisomo"]
[Black "Karam, Youssef Mark"]
[Result "1/2-1/2"]
[WhiteElo "1466"]
[BlackElo "1522"]
[Annotator "NA RC COMBH"]
[PlyCount "62"]
[EventDate "2022.10.02"]
[EventType "team-tourn"]
[EventCountry "AZE"]
[SourceTitle "playchess.com"]
[Source "ChessBase"]
[SourceQuality "1"]
[WhiteTeam "South Africa"]
[BlackTeam "Lebanon"]
[WhiteTeamCountry "RSA"]
[BlackTeamCountry "LBN"]

1. e4 c5 2. Nf3 a6 3. c4 e6 4. Nc3 b6 5. a3 Bb7 6. d4 cxd4 7. Nxd4 Qc7 8. Be2 Nf6 9. f3 Be7 10. O-O d6 11. Be3 Nbd7 12. Rc1 O-O 13. b4 Rac8 14. Na4 Qb8 15. Nb3 Bc6 16. Nb2 Bd8 17. Nd3 Bc7 18. g3 Bb7 19. Bf2 Rfd8 20. Qd2 Qa8 21. Kg2 d5 22. exd5 exd5 23. c5 Re8 24. Nd4 bxc5 25. Nxc5 Nxc5 26. Rxc5 Bd6 27. Rxc8 Qxc8 28. Rc1 Qd7 29. Qg5 h6 30. Qd2 Bc8 31. Kg1 Qe7 1/2-1/2